Aging in Minnesota ; a report of the Minnesota Planning Committee for the White House Conference on Aging, Governor's Citizens Council on Aging /

Bibliographic Details
Corporate Authors: Minnesota. Planning Committee for the White House Conference on Aging, Minnesota. Governor's Citizens' Council on Aging
Other Authors: Rose, Arnold M. (Arnold Marshall), 1918-1968
Format: Book
Language:English
Published: Minneapolis : University of Minnesota Press, [1963]
Subjects:

MARC

Tag First Indicator Second Indicator Subfields
LEADER 00000cam a2200000 4500
001 in00000037691
005 20210515063639.0
008 720126s1963 eng u
010 |a  63013884  
035 |a (OCoLC)00228494 
035 |9 AAF5018AM 
040 |c CWR  |d MCL  |d OCL  |d TXA  |d UtOrBLW 
049 |a TXAM  |c [365213] 
050 0 |a HQ1064.U6  |b M575 
092 |a 301.435  |b M665a 
096 |a WT30 M665a 1963 
110 1 |a Minnesota.  |b Planning Committee for the White House Conference on Aging. 
245 1 0 |a Aging in Minnesota ;  |b a report of the Minnesota Planning Committee for the White House Conference on Aging, Governor's Citizens Council on Aging /  |c Edited by Arnold M. Rose [chairman]. 
264 1 |a Minneapolis :  |b University of Minnesota Press,  |c [1963] 
300 |a vii, 320 pages :  |b illustrations, map. 
336 |a text  |b txt  |2 rdacontent 
337 |a unmediated  |b n  |2 rdamedia 
338 |a volume  |b nc  |2 rdacarrier 
650 0 |a Older people  |z Minnesota. 
700 1 |a Rose, Arnold M.  |q (Arnold Marshall),  |d 1918-1968. 
710 1 |a Minnesota.  |b Governor's Citizens' Council on Aging. 
999 |a MARS 
999 f f |s 31261110-9d5d-301f-a0b0-2d7dad527609  |i 4d20d498-fd40-3610-83e6-bbf3251bf3f6  |t 0 
952 f f |p ric  |a Texas A&M University  |b Rellis Campus  |c Joint Library Facility  |d Remote Storage  |t 0  |e HQ1064.U6 M575  |h Library of Congress classification  |i unmediated -- volume  |m A14800642833 
998 f f |a HQ1064.U6 M575  |t 0  |l Remote Storage